SEASONAL VARIATION IN THE OCCURRENCE OF FUNGI ASSOCIATED WITH FOREST SPECIES IN A CERRADO-CAATINGA TRANSITION AREA (Registro n. 330021)
[ somente texto ]
| 000 -LÍDER | |
|---|---|
| fixed length control field | 04579nab a2200337 i 4500 |
| 003 - CÓDIGO MARC DA AGÊNCIA CATALOGADORA | |
| Campo de controle | BR-BrBNA |
| 005 - DATA E HORA DA ÚLTIMA ATUALIZAÇÃO | |
| Campo de controle | 20250218134809.0 |
| 008 - CAMPO DE TAMANHO FIXO | |
| fixed length control field | 250218b2020 bl.ar|pooa||| 00| 0 eng | |
| 040 ## - FONTE DA CATALOGAÇÃO | |
| Agência catalogadora | BR-BrBNA |
| Idioma da catalogação | eng |
| 072 ## - CATEGORIA AGRIS | |
| Código AGRIS | F40 |
| 100 ## - ENTRADA PRINCIPAL - NOME PESSOAL | |
| Nome pessoal | Silva, Helane França |
| 100 ## - ENTRADA PRINCIPAL - NOME PESSOAL | |
| Nome pessoal | Santos, Alice Maria Gonçalves |
| 100 ## - ENTRADA PRINCIPAL - NOME PESSOAL | |
| Nome pessoal | Santos, Marcos Vinícius Oliveira dos |
| 100 ## - ENTRADA PRINCIPAL - NOME PESSOAL | |
| Nome pessoal | Bezerra, José Luiz |
| 100 ## - ENTRADA PRINCIPAL - NOME PESSOAL | |
| Nome pessoal | Luz, Edna Dora Martins Newman |
| 245 ## - TÍTULO PRINCIPAL | |
| Título principal | SEASONAL VARIATION IN THE OCCURRENCE OF FUNGI ASSOCIATED WITH FOREST SPECIES IN A CERRADO-CAATINGA TRANSITION AREA |
| 500 ## - NOTA GERAL | |
| Nota geral | Publicação on-line; 30 ref.; 4 illus; Sumaries (En, Pt) |
| 942 ## - ADDED ENTRY ELEMENTS (KOHA) | |
| Koha item type | Analítica |
| 520 ## - NOTA DE RESUMO | |
| Nota de conteúdo | <br/><br/>ABSTRACT – Although ecotone areas occupy a signifi cant extent in Piauí State, there is little information about these areas, especially regarding the presence of microorganisms. Thus, this study evaluated the eff ect of seasonality on the occurrence of fungal genera associated with forest species in an ecotone Cerrado-Caatinga in Piauí State, Brazil. The experimental area consisted of one-hectare fragment within a legal reserve, where fi ve plots of 20m x 20m were established and the phytosociological survey was carried out. The collection of the material (healthy leaves and leaves with disease symptoms) was performed in two periods: the dry season (June and August/2017) and the rainy season (December/2017 and February/2018), totaling four collections. In the laboratory, isolation and purifi cation of fungi were performed. The fungal identifi cation was based on morphological characteristics and the use of identifi cation keys. The relative abundance of fungi was calculated, and the data were submitted to multivariate cluster analysis. In total, 225 isolates were found, related to 15 fungal genera, associated with 10 forest species. The occurrence of fungi in the area was infl uenced by seasonal variation, with more isolates found in the dry period, as examples of important groups, whether benefi cial or phytopathogenic microorganisms are: Trichoderma spp. and Lasiodiplodia spp. It was also observed that fungi are more likely to occur in forest species like Bauhinia cheilantha and Pityrocarpa moniliformis, belonging to the Fabaceae family.<br/><br/>Keywords: Ecotone; Mycodiversity; Seasonality. |
| 520 ## - NOTA DE RESUMO | |
| Nota de conteúdo | <br/><br/>RESUMO – Embora as áreas de ecótonos ocupem uma extensão significativa no estado do Piauí, há pouca informação sobre essas áreas, especialmente quanto à ocorrência de microrganismos. Assim, nesse estudo avaliou-se o efeito da sazonalidade na ocorrência de gêneros de fungos associados a espécies florestais em área de transição Cerrado-Caatinga no estado do Piauí, Brasil. A área experimental consistiu em um fragmento de um hectare dentro de uma reserva legal, onde foram estabelecidas cinco parcelas de 20m x 20m e feito o levantamento fitossociológico. A coleta do material (folhas sadias e com sintomas de doenças) foi realizada em dois períodos: seco (junho e agosto/2017) e chuvoso (dezembro/2017 e fevereiro/2018), totalizando quatro coletas. No laboratório, foram feitos o isolamento e a purificação dos fungos. A identificação desses foi realizada com base nas características morfológicas, consultando à chaves de identificação. Calculou-se a abundância relativa dos fungos e os dados foram submetidos à análise multivariada de agrupamento. No total, foram encontrados 225 isolados relacionados a 15 gêneros fúngicos, associados a 10 espécies florestais. A ocorrência de fungos na área foi influenciada pela variação sazonal, com maior número de isolados encontrados no período seco, a exemplo de grupos importantes, seja de microrganismos benéficos ou fitopatogênicos como Trichoderma spp. e Lasiodiplodia spp. Foi observada também maior tendência de ocorrência dos fungos nas espécies florestais Bauhinia cheilantha e Pityrocarpa moniliformis, pertencentes à família Fabaceae.<br/><br/>Palavras-Chave: Ecótono; Micodiversidade; Sazonalidade. |
| 650 ## - ASSUNTO - THESAGRO | |
| Cabeçalho tópico ou nome geográfico | ESSÊNCIA FLORESTAL |
| 650 ## - ASSUNTO - THESAGRO | |
| Cabeçalho tópico ou nome geográfico | CERRADO |
| 650 ## - ASSUNTO - THESAGRO | |
| Cabeçalho tópico ou nome geográfico | CAATINGA |
| 650 ## - ASSUNTO - THESAGRO | |
| Cabeçalho tópico ou nome geográfico | VARIAÇÃO SAZONAL |
| 650 ## - ASSUNTO - THESAGRO | |
| Cabeçalho tópico ou nome geográfico | FUNGO |
| 650 ## - ASSUNTO - THESAGRO | |
| Cabeçalho tópico ou nome geográfico | PESQUISA |
| 650 ## - ASSUNTO - THESAGRO | |
| Cabeçalho tópico ou nome geográfico | PIAUÍ |
| 773 0# - ENTRADA ANALÍTICA | |
| Host Biblionumber | 812 |
| Registro do item | 346927 |
| Imprenta | Viçosa-MG Sociedade de Investigações Florestais - Universidade Federal de Viçosa. Depto. de Engenharia Florestal 1977 |
| Outro identificador | 2024-7725 |
| Título | Revista Árvore (Brazil) |
| ISSN | 0100-6762 |
| Colação | v. 44 p. 1-9; (2020) |
| Número de controle de registro | BR2024004771 |
| 856 ## - ACESSO E ENDEREÇO ELETRÔNICO | |
| Identificador uniforme de recurso - URI | https://www.scielo.br/j/rarv/a/HpRXhhFGrFrNQxtPKYvsP4p/?format=pdf&lang=en |
Nenhum exemplar disponível.

BINAGRI